000 00786nam a2200241Ia 4500
003 OSt
005 20220923212450.0
006 a|||||r|||| 00| 0
007 ta
008 220922b |||||||| |||| 00| 0 hin d
024 _a153,253
037 _cTextual
040 _aARTS
_cARTS
_bhin
041 _2hin
_ahin
082 _aO152v, M1-;4
100 _aशर्मा, श्रीनिवास
245 0 _aहिन्दी साहित्य का इतिहास
246 _aHindī sāhitya kā itihāsa
260 _aनई दिल्ली
_b तक्षशीला प्रकाशन
_c1981
300 _a288 पृ.
_ccm.
942 _hO152v, M1-;4
_cTEXL
_2CC
999 _c308900
_d308900